[Event "Chessable Masters Div 2 L"]
[Site "chess.com INT"]
[Date "2023.04.03"]
[Round "1.1"]
[White "Giri, Anish"]
[Black "Sadhwani, Raunak"]
[Result "1/2-1/2"]
[WhiteTitle "GM"]
[BlackTitle "GM"]
[WhiteElo "2768"]
[BlackElo "2627"]
[WhiteFideId "24116068"]
[BlackFideId "35093487"]
[EventDate "2023.04.04"]
[EventType "k.o."]

1. d4 Nf6 2. c4 e6 3. Nf3 d5 4. Nc3 c5 5. cxd5 cxd4 6. Qxd4 exd5 7. Bg5 Be7 8.
Rd1 O-O 9. Qd2 Be6 10. e3 Nc6 11. Bxf6 Bxf6 12. Nxd5 Bxd5 13. Qxd5 Bxb2 14. Be2
Bc3+ 15. Kf1 Qxd5 16. Rxd5 Rfd8 17. Rb5 b6 18. g4 Rac8 19. Kg2 Na5 20. Rc1 h6
21. h4 Bf6 22. Rxc8 Rxc8 23. g5 hxg5 24. hxg5 Be7 25. Rd5 Rc5 26. Rd7 Bxg5 27.
Rxa7 Bf6 28. Ra6 Nc4 29. a4 Kf8 30. Ra8+ Ke7 31. Ra7+ Kf8 32. Rb7 Rc8 33. Bd3
Nb2 34. Bb5 Ra8 35. Bc6 Nxa4 36. Bd5 Rd8 37. Rxf7+ Ke8 38. Rxf6 Rxd5 39. Rg6 Kf7
40. Rg4 Nc3 41. Rc4 Rc5 42. Rf4+ Ke7 43. Rg4 Kf6 44. e4 g6 45. e5+ Kg7 46. Rd4
Rd5 47. Rc4 Rc5 48. Rd4 Rd5 49. Rc4 Rc5 50. Rd4 1/2-1/2

[Event "Chessable Masters Div 2 L"]
[Site "chess.com INT"]
[Date "2023.04.03"]
[Round "1.2"]
[White "Sadhwani, Raunak"]
[Black "Giri, Anish"]
[Result "1/2-1/2"]
[WhiteTitle "GM"]
[BlackTitle "GM"]
[WhiteElo "2627"]
[BlackElo "2768"]
[WhiteFideId "35093487"]
[BlackFideId "24116068"]
[EventDate "2023.04.04"]
[EventType "k.o."]

1. e4 c5 2. Nf3 d6 3. Bb5+ Nd7 4. O-O a6 5. Be2 Ngf6 6. d3 e6 7. a4 b6 8. Nfd2
Be7 9. f4 O-O 10. Qe1 Bb7 11. Nc3 Nb8 12. g4 Nc6 13. g5 Nd7 14. Nf3 Nd4 15. Bd1
e5 16. h4 f5 17. Nxd4 cxd4 18. Nd5 Rc8 19. Nxe7+ Qxe7 20. exf5 Rxf5 21. Rf2 Re8
22. Bh5 g6 23. Bg4 Qf7 24. Qf1 exf4 25. Bxf4 Ne5 1/2-1/2

[Event "Chessable Masters Div 2 L"]
[Site "chess.com INT"]
[Date "2023.04.03"]
[Round "1.3"]
[White "Sadhwani, Raunak"]
[Black "Giri, Anish"]
[Result "0-1"]
[WhiteTitle "GM"]
[BlackTitle "GM"]
[WhiteElo "2627"]
[BlackElo "2768"]
[WhiteFideId "35093487"]
[BlackFideId "24116068"]
[EventDate "2023.04.04"]
[EventType "k.o."]

1. e4 e5 2. Nf3 Nc6 3. Bc4 Nf6 4. d3 Bc5 5. O-O d6 6. c3 a5 7. Re1 O-O 8. h3 Be6
9. Bxe6 fxe6 10. Be3 Bxe3 11. Rxe3 d5 12. Qb3 a4 13. Qc2 d4 14. cxd4 exd4 15.
Re1 Nh5 16. Nbd2 Nf4 17. a3 Qf6 18. Kh2 Qh6 19. e5 Qg6 20. g3 Nxd3 21. Re2 Ndxe5
22. Qxg6 Nxf3+ 23. Nxf3 hxg6 24. Ng5 d3 25. Rd2 Nd4 26. Rf1 Nf3+ 27. Nxf3 Rxf3
28. Kg2 Raf8 29. Rc1 R8f7 30. Re1 R7f6 31. Rc1 Rf7 32. Rc4 b5 33. Rc6 R3f6 34.
g4 e5 35. Rc5 e4 36. Re5 Rc6 37. Rxb5 Re7 38. Rb4 Rc1 39. Rxa4 c5 40. Kg3 g5 41.
b3 e3 42. fxe3 Rxe3+ 43. Kf2 Rxh3 44. Rc4 Rch1 45. Re4 R3h2+ 46. Ke3 Re1+ 47.
Kf3 Rf1+ 48. Ke3 Rh3# 0-1

[Event "Chessable Masters Div 2 L"]
[Site "chess.com INT"]
[Date "2023.04.03"]
[Round "1.1"]
[White "Dubov, Daniil"]
[Black "Meier, Georg"]
[Result "1-0"]
[WhiteTitle "GM"]
[BlackTitle "GM"]
[WhiteElo "2708"]
[BlackElo "2614"]
[WhiteFideId "24126055"]
[BlackFideId "4675789"]
[EventDate "2023.04.04"]
[EventType "k.o."]

1. d4 e6 2. Nf3 Nf6 3. Bg5 d5 4. e3 c5 5. Nbd2 Nbd7 6. Bb5 Be7 7. O-O O-O 8. c3
h6 9. Bh4 Qc7 10. Rc1 a6 11. Bxd7 Bxd7 12. Ne5 Bb5 13. Re1 Rfc8 14. Qf3 Be8 15.
Nd3 b6 16. Bg3 Qb7 17. Bh4 Qc7 18. Ne5 a5 19. a3 Qb7 20. Bxf6 Bxf6 21. Ng4 Be7
22. Qg3 Kh7 23. f4 f6 24. Nf3 Bd6 25. Qh3 Qf7 26. Nf2 cxd4 27. Nxd4 Bd7 28. Qf3
e5 29. fxe5 Bxe5 30. Nd3 Qg6 31. Qxd5 Bxd4 32. Qxd4 Bc6 33. Nf4 Qg4 34. Qd3+ f5
35. Rcd1 Bf3 36. h3 Qg5 37. Rd2 Re8 38. Qf1 Be4 39. Qf2 b5 40. Rd4 Ra6 41. Red1
Rb6 42. Kh2 Re7 43. Rd6 Reb7 44. h4 Qe7 45. Rxb6 Rxb6 46. h5 b4 47. axb4 axb4
48. c4 b3 49. Qg3 Qg5 50. Rd4 Ra6 51. c5 Ra2 52. Qf2 Bc2 53. Rd7 Be4 54. Rd4 Qf6
55. Rd2 Qg5 56. Qg3 Ra1 57. Qxg5 hxg5 58. Ne6 Kh6 59. Nd4 Kxh5 60. Nxb3 Ra8 61.
Kg3 Rb8 62. Nd4 Rb4 63. b3 Kg6 64. Kf2 f4 65. Ra2 Kf6 66. c6 Ke7 67. Ra7+ Kd6
68. Rd7+ Ke5 69. Re7+ Kd5 70. c7 fxe3+ 71. Kxe3 1-0

[Event "Chessable Masters Div 2 L"]
[Site "chess.com INT"]
[Date "2023.04.03"]
[Round "1.2"]
[White "Meier, Georg"]
[Black "Dubov, Daniil"]
[Result "1-0"]
[WhiteTitle "GM"]
[BlackTitle "GM"]
[WhiteElo "2614"]
[BlackElo "2708"]
[WhiteFideId "4675789"]
[BlackFideId "24126055"]
[EventDate "2023.04.04"]
[EventType "k.o."]

1. e4 e5 2. Nf3 Nc6 3. Bb5 a6 4. Bxc6 dxc6 5. O-O Qf6 6. d4 exd4 7. Bg5 Qd6 8.
Nxd4 Be7 9. Be3 Nf6 10. f3 O-O 11. Nc3 Rd8 12. Qe1 Qe5 13. Rd1 Bc5 14. Nce2 Be6
15. b3 Nd5 16. Bf2 Nf4 17. Nxf4 Bxd4 18. Nd3 Qf6 19. Kh1 Bxf2 20. Rxf2 b6 21.
Rfd2 h6 22. Qg3 Rd7 23. Qe5 Qxe5 24. Nxe5 Rxd2 25. Rxd2 c5 26. g4 g5 27. h4 Kg7
28. h5 a5 29. a4 b5 30. axb5 c4 31. Nxc4 a4 32. Ne3 axb3 33. cxb3 Ra5 34. Nc2
Rxb5 35. Nd4 Rb6 36. Rc2 Bxb3 37. Rxc7 Rb4 38. Rd7 Kf6 39. Kg2 Be6 40. Rd8 Rb2+
41. Kg3 Rb6 42. Kf2 Rb2+ 43. Ke3 Rb6 44. Ra8 Bd7 45. Ra5 Be6 46. e5+ Kg7 47. Ra7
Kg8 48. Ra8+ Kh7 49. Rd8 Ra6 50. Rd6 Ra3+ 51. Kf2 Bc4 52. Rd7 Kg8 53. Rd8+ Kh7
54. Rd6 Ra2+ 55. Ke3 Ra4 56. Rf6 Ra3+ 57. Ke4 Ba2 58. Nf5 Bb1+ 59. Kd5 Rxf3 60.
Rxf7+ Kh8 61. e6 Ra3 62. Rf8+ Kh7 63. e7 Ra5+ 64. Kd6 Ra6+ 65. Kc5 1-0

[Event "Chessable Masters Div 2 L"]
[Site "chess.com INT"]
[Date "2023.04.03"]
[Round "1.3"]
[White "Meier, Georg"]
[Black "Dubov, Daniil"]
[Result "1/2-1/2"]
[WhiteTitle "GM"]
[BlackTitle "GM"]
[WhiteElo "2614"]
[BlackElo "2708"]
[WhiteFideId "4675789"]
[BlackFideId "24126055"]
[EventDate "2023.04.04"]
[EventType "k.o."]

1. e4 c5 2. Nf3 Nc6 3. Bb5 g6 4. Bxc6 bxc6 5. O-O Bg7 6. h3 e5 7. d3 Ne7 8. Qe1
O-O 9. Nfd2 d6 10. Nc4 Be6 11. Nbd2 f5 12. f3 f4 13. a4 g5 14. Rb1 Rb8 15. b3
Ng6 16. Bb2 h5 17. Bc3 Bf6 18. Qe2 Qd7 19. b4 cxb4 20. Bxb4 c5 21. Bc3 g4 22.
fxg4 hxg4 23. hxg4 Bxg4 24. Nf3 Nh4 25. Rxb8 Rxb8 26. Be1 Nxf3+ 27. gxf3 Bh3 28.
Rf2 Bh4 29. Rg2+ Bxg2 30. Qxg2+ Bg3 31. Bxg3 fxg3 32. Qxg3+ Qg7 33. Kf2 Qxg3+
34. Kxg3 Rd8 35. f4 exf4+ 36. Kxf4 Kf7 37. Ke3 Ke6 38. Kd2 Rb8 39. c3 d5 40.
exd5+ Kxd5 41. Kc2 Re8 42. Kd2 Rb8 43. Ne3+ Kc6 44. Kc2 Re8 45. Nc4 Kd5 46. Kd1
Rb8 47. Kc1 Re8 48. Kd2 Rb8 1/2-1/2

[Event "Chessable Masters Div 2 L"]
[Site "chess.com INT"]
[Date "2023.04.03"]
[Round "1.1"]
[White "Dreev, Aleksey"]
[Black "Le, Tuan Minh"]
[Result "1-0"]
[WhiteTitle "GM"]
[BlackTitle "GM"]
[WhiteElo "2606"]
[BlackElo "2542"]
[WhiteFideId "4100107"]
[BlackFideId "12401153"]
[EventDate "2023.04.04"]
[EventType "k.o."]

1. d4 d5 2. c4 e6 3. Nc3 h6 4. Nf3 Nf6 5. e3 a6 6. b3 c5 7. cxd5 exd5 8. Bb2 Nc6
9. Be2 Bg4 10. Ne5 Bxe2 11. Qxe2 Rc8 12. Nxc6 Rxc6 13. dxc5 Bxc5 14. O-O O-O 15.
Rfd1 Bb4 16. Qd3 Bxc3 17. Bxc3 Ne4 18. Be1 Rg6 19. Qxd5 Rd6 20. Qh5 Qf6 21. Qe2
Re8 22. Rxd6 Nxd6 23. Rc1 Nf5 24. h3 Nh4 25. Qg4 Qb2 26. Rc7 Qb1 27. Qxh4 Qxe1+
28. Kh2 Rxe3 29. Rxb7 Re4 30. Qg3 Re6 31. Qb8+ Re8 32. Qf4 Rf8 33. Ra7 a5 34.
Qf5 g6 35. Qc5 Rd8 36. Qxa5 Re8 37. Qxe1 Rxe1 38. b4 Re2 39. Kg3 Rb2 40. a3 Kg7
41. h4 Kf6 42. Ra5 h5 43. b5 Kf5 44. a4 Ke4 45. Ra7 f6 46. Re7+ Kf5 47. Rb7 Ra2
48. Ra7 Rb2 49. Ra6 g5 50. b6 gxh4+ 51. Kxh4 Rb1 52. Kg3 Kg5 53. Ra5+ f5 54. Rb5
h4+ 55. Kh2 1-0

[Event "Chessable Masters Div 2 L"]
[Site "chess.com INT"]
[Date "2023.04.03"]
[Round "1.2"]
[White "Le, Tuan Minh"]
[Black "Dreev, Aleksey"]
[Result "1/2-1/2"]
[WhiteTitle "GM"]
[BlackTitle "GM"]
[WhiteElo "2542"]
[BlackElo "2606"]
[WhiteFideId "12401153"]
[BlackFideId "4100107"]
[EventDate "2023.04.04"]
[EventType "k.o."]

1. d4 d5 2. c4 c6 3. Nf3 Nf6 4. e3 Bf5 5. Nc3 e6 6. Nh4 Be4 7. f3 Bg6 8. Bd2 Be7
9. Nxg6 hxg6 10. Qb3 Qb6 11. cxd5 Qxb3 12. axb3 Nxd5 13. g3 Nd7 14. Bg2 a6 15.
Ke2 Rd8 16. Rad1 f5 17. e4 N5f6 18. Be3 Kf7 19. Bf2 Bb4 20. h3 Rhe8 21. g4 Ba5
22. Be3 Bc7 23. e5 Nd5 24. Nxd5 cxd5 25. h4 Rh8 26. Rdg1 Bb6 27. h5 f4 28. hxg6+
Kxg6 29. Bf2 Rxh1 30. Rxh1 Rc8 31. Kd1 Nxe5 32. Re1 Nc6 33. Rxe6+ Kf7 34. Rd6
Rd8 35. Rxd8 Bxd8 36. Kd2 g5 37. Bf1 Bb6 38. Kc3 Ba5+ 39. Kd3 Bb6 40. Be2 Ke6
41. Bd1 Kd6 42. Kc3 Ba5+ 43. Kd3 Bb6 44. Bc2 Nb4+ 45. Kd2 Nxc2 46. Kxc2 Ba5 1/2-1/2

[Event "Chessable Masters Div 2 L"]
[Site "chess.com INT"]
[Date "2023.04.03"]
[Round "1.1"]
[White "Chigaev, Maksim"]
[Black "Yu, Yangyi"]
[Result "1/2-1/2"]
[WhiteTitle "GM"]
[BlackTitle "GM"]
[WhiteElo "2617"]
[BlackElo "2729"]
[WhiteFideId "4108116"]
[BlackFideId "8603820"]
[EventDate "2023.04.04"]
[EventType "k.o."]

1. e4 e5 2. Nf3 Nf6 3. d4 Nxe4 4. Bd3 d5 5. Nxe5 Nd7 6. O-O Nxe5 7. dxe5 Nc5 8.
Nc3 c6 9. f4 Nxd3 10. Qxd3 g6 11. Be3 Bf5 12. Qd2 Be7 13. a4 O-O 14. h3 f6 15.
g4 Bd7 16. Rad1 fxe5 17. Nxd5 cxd5 18. Qxd5+ Rf7 19. Qxd7 Qxd7 20. Rxd7 Bc5 21.
Rd3 Bxe3+ 22. Rxe3 exf4 23. Re4 g5 24. Rd1 Rc8 25. c4 Rcc7 26. Kf2 Rfd7 27. Rxd7
Rxd7 28. b4 Kf7 29. c5 Rd2+ 30. Kg1 Rc2 31. h4 h6 32. hxg5 hxg5 33. Re5 Rc4 34.
b5 Kf6 35. Rf5+ Kg6 36. Rd5 Rxa4 37. Rd6+ Kf7 38. Rd7+ Ke6 39. Rxb7 Rc4 40. c6
a6 41. bxa6 Rxc6 42. a7 Rc1+ 43. Kf2 Ra1 44. Rb6+ Ke5 45. Rb5+ Ke4 46. Rb4+ Ke5
47. Rb5+ Ke4 48. Rb4+ Ke5 49. Rb5+ 1/2-1/2

[Event "Chessable Masters Div 2 L"]
[Site "chess.com INT"]
[Date "2023.04.03"]
[Round "1.2"]
[White "Yu, Yangyi"]
[Black "Chigaev, Maksim"]
[Result "1-0"]
[WhiteTitle "GM"]
[BlackTitle "GM"]
[WhiteElo "2729"]
[BlackElo "2617"]
[WhiteFideId "8603820"]
[BlackFideId "4108116"]
[EventDate "2023.04.04"]
[EventType "k.o."]

1. e4 c5 2. Nf3 Nc6 3. Bb5 e6 4. c3 d5 5. exd5 Qxd5 6. O-O Bd7 7. d3 a6 8. Ba4
Bd6 9. Bc2 Nf6 10. Nbd2 Bc7 11. Ne4 O-O-O 12. Bg5 h6 13. Bxf6 gxf6 14. Nxf6 Qf5
15. Nxd7 Rxd7 16. Qe2 Rg8 17. g3 h5 18. Kh1 Qg4 19. Rae1 Rd5 20. Qe4 Kb8 21.
Qxg4 hxg4 22. Nd2 Ne5 23. Re3 Rgd8 24. Ne4 Nxd3 25. Nf6 Nxb2 26. Nxd5 exd5 27.
f3 Nc4 28. Re2 d4 29. cxd4 cxd4 30. Bd3 Ne3 31. Rff2 f5 32. fxg4 fxg4 33. Rf7
Rd6 34. Rb2 Rc6 35. Rb1 Rc3 36. Bxa6 b6 37. Rd7 Nc2 38. Rf1 Nb4 39. Bb5 d3 40.
Rd1 Kc8 41. Rd4 Nxa2 42. R1xd3 Rc5 43. Bd7+ Kb7 44. Bxg4 b5 45. Rd5 Rc1+ 46. Rd1
Rxd1+ 47. Rxd1 Nc3 48. Rd3 b4 49. Be6 Kc6 50. Kg2 Kc5 51. h4 Nb5 52. Rd5+ Kb6
53. Rd3 Be5 54. Kf3 Bb2 55. Ke4 Kc5 56. g4 Nd6+ 57. Kf3 Nc4 58. Bxc4 Kxc4 59.
Ke2 b3 60. Rd7 Be5 61. Kd1 Bf4 62. Rb7 Kc3 63. g5 b2 64. g6 Bd6 65. Rxb2 Bb4 1-0

[Event "Chessable Masters Div 2 L"]
[Site "chess.com INT"]
[Date "2023.04.03"]
[Round "2.1"]
[White "Oparin, Grigoriy"]
[Black "Giri, Anish"]
[Result "1/2-1/2"]
[WhiteTitle "GM"]
[BlackTitle "GM"]
[WhiteElo "2667"]
[BlackElo "2768"]
[WhiteFideId "24125890"]
[BlackFideId "24116068"]
[EventDate "2023.04.04"]
[EventType "k.o."]

1. Nf3 d5 2. d4 Nf6 3. c4 e6 4. Nc3 Bb4 5. e3 O-O 6. Bd2 b6 7. cxd5 exd5 8. Rc1
Bb7 9. Bd3 Re8 10. O-O Bf8 11. Ne5 c5 12. f4 Nc6 13. Ne2 Rc8 14. Be1 Ne4 15. Bc3
Rc7 16. Ng3 cxd4 17. Nxc6 Rxc6 18. Bxd4 Rxc1 19. Qxc1 Nxg3 20. hxg3 Qd7 21. Qc2
g6 22. Kf2 Rc8 23. Qd2 Qa4 24. b3 Qb4 25. Qxb4 Bxb4 26. g4 Bc3 27. g5 Bxd4 28.
exd4 Rc3 29. Rd1 Bc8 30. Rd2 Bg4 31. Bb1 Rc1 32. Bd3 Rc3 33. Bb1 Rc1 34. Bd3 Rc3 1/2-1/2

[Event "Chessable Masters Div 2 L"]
[Site "chess.com INT"]
[Date "2023.04.03"]
[Round "2.2"]
[White "Giri, Anish"]
[Black "Oparin, Grigoriy"]
[Result "1-0"]
[WhiteTitle "GM"]
[BlackTitle "GM"]
[WhiteElo "2768"]
[BlackElo "2667"]
[WhiteFideId "24116068"]
[BlackFideId "24125890"]
[EventDate "2023.04.04"]
[EventType "k.o."]

1. e4 e5 2. Nf3 Nc6 3. Bb5 a6 4. Ba4 Nf6 5. O-O Nxe4 6. d4 b5 7. Bb3 d5 8. dxe5
Be6 9. c3 Be7 10. Nbd2 Nc5 11. Bc2 d4 12. Nb3 d3 13. Bb1 Nxb3 14. axb3 Bf5 15.
Be3 O-O 16. Bd4 Qd5 17. Re1 Rfd8 18. h4 a5 19. Re3 h6 20. Bxd3 Bxd3 21. Rxd3 Rd7
22. Qc2 Rad8 23. Re1 Bf8 24. Rdd1 Qe6 25. Ra1 Rd5 26. Qe4 b4 27. Qe2 R5d7 28.
Qc4 Qxc4 29. bxc4 Re8 30. Kf1 Rdd8 31. Ra4 Rb8 32. h5 Rb7 33. g3 Reb8 34. e6 Bd6
35. c5 Bf8 36. Ne5 Nxe5 37. Rxe5 fxe6 38. Rxa5 bxc3 39. bxc3 Kf7 40. Ra6 Re8 41.
Kg2 Re7 42. c6 Rb8 43. Ra7 g6 44. Bc5 Ree8 45. Rxc7+ Kf6 46. Bd4 gxh5 47. Rxh5+
Kg6 48. Ra5 Rbc8 49. Raa7 Bd6 50. Rg7+ Kf5 51. Raf7+ Ke4 52. c7 e5 53. Be3 Kd5
54. Bxh6 Kc6 55. Be3 Bxc7 56. c4 Bd6 57. Rf6 Rf8 58. Rfg6 1-0

[Event "Chessable Masters Div 2 L"]
[Site "chess.com INT"]
[Date "2023.04.03"]
[Round "2.1"]
[White "Praggnanandhaa, R"]
[Black "Dubov, Daniil"]
[Result "1/2-1/2"]
[WhiteTitle "GM"]
[BlackTitle "GM"]
[WhiteElo "2688"]
[BlackElo "2708"]
[WhiteFideId "25059530"]
[BlackFideId "24126055"]
[EventDate "2023.04.04"]
[EventType "k.o."]

1. d4 d5 2. Nf3 Nf6 3. Bf4 e6 4. e3 c5 5. Nbd2 Qb6 6. Rb1 Bd6 7. dxc5 Qxc5 8. b4
Qc7 9. Bxd6 Qxd6 10. c4 O-O 11. Be2 a5 12. b5 b6 13. cxd5 exd5 14. O-O Nbd7 15.
Rc1 Nc5 16. Nb3 a4 17. Nbd4 Bd7 18. Qd2 Nce4 19. Qc2 Rfc8 20. Nc6 a3 21. Nfd4 h5
22. h3 Re8 23. Bd3 g6 24. Rfd1 Kg7 25. Bxe4 Nxe4 26. Ne2 Rac8 27. Nf4 Nf6 28.
Qa4 Rc7 29. Nxd5 Nxd5 30. Qd4+ Qf6 31. Qxd5 Rec8 32. Qd6 Bxc6 33. bxc6 Rxc6 34.
Rxc6 Rxc6 35. Qxa3 Rc2 36. Rf1 h4 37. Qb3 Rb2 38. Qc4 b5 39. Qd5 b4 40. e4 Re2
41. Qc4 Qb2 42. Qd5 Rd2 43. Qc4 Rd4 44. Qb3 Qxb3 45. axb3 Rxe4 46. Rd1 Re2 47.
Rd4 Re1+ 48. Kh2 g5 49. Rxb4 Rf1 50. f3 Kg6 51. Rd4 Rb1 52. b4 f5 53. Rd6+ Kg7
54. Rd4 Kf6 55. Rc4 Ke5 56. Rc5+ Kf4 57. b5 Rb2 58. Rd5 Rb1 59. Rc5 Rb2 60. Rd5
Rb1 61. Rc5 1/2-1/2

[Event "Chessable Masters Div 2 L"]
[Site "chess.com INT"]
[Date "2023.04.03"]
[Round "2.2"]
[White "Dubov, Daniil"]
[Black "Praggnanandhaa, R"]
[Result "1/2-1/2"]
[WhiteTitle "GM"]
[BlackTitle "GM"]
[WhiteElo "2708"]
[BlackElo "2688"]
[WhiteFideId "24126055"]
[BlackFideId "25059530"]
[EventDate "2023.04.04"]
[EventType "k.o."]

1. d4 Nf6 2. c4 e6 3. Nf3 d5 4. g3 dxc4 5. Bg2 Bb4+ 6. Bd2 c5 7. O-O O-O 8. dxc5
Bxc5 9. Qc2 Nbd7 10. Na3 b6 11. Nxc4 Ba6 12. Rac1 Rc8 13. Qa4 Nb8 14. Qb3 Nc6
15. Qa4 Nb8 16. Qb3 Nc6 17. Qa4 Nb8 1/2-1/2

[Event "Chessable Masters Div 2 L"]
[Site "chess.com INT"]
[Date "2023.04.03"]
[Round "2.3"]
[White "Praggnanandhaa, R"]
[Black "Dubov, Daniil"]
[Result "1-0"]
[WhiteTitle "GM"]
[BlackTitle "GM"]
[WhiteElo "2688"]
[BlackElo "2708"]
[WhiteFideId "25059530"]
[BlackFideId "24126055"]
[EventDate "2023.04.04"]
[EventType "k.o."]

1. Nf3 d5 2. g3 g6 3. c4 c6 4. Qa4 dxc4 5. Qxc4 Bg7 6. d3 Nf6 7. Bg2 O-O 8. Nc3
Na6 9. O-O Nc7 10. Qh4 h5 11. h3 Ncd5 12. Bd2 a5 13. Rad1 Be6 14. Na4 Nb6 15.
Nc5 Bc8 16. Bc3 Nbd7 17. Ne4 Nxe4 18. dxe4 e6 19. Ng5 e5 20. g4 Bf6 21. f4 exf4
22. Bxf6 Qxf6 23. gxh5 Qh8 24. h6 Qxb2 25. Rxf4 Ne5 26. h7+ Kh8 27. Rxf7 Bd7 28.
Rfxd7 Nxd7 29. Rxd7 Qxa2 30. Qg3 Qa1+ 31. Kh2 Qf6 32. e5 Qf4 33. Qxf4 Rxf4 34.
e6 Rff8 35. e7 Rfe8 36. Be4 Kg7 37. Ne6+ Kxh7 38. Nc7 1-0

[Event "Chessable Masters Div 2 L"]
[Site "chess.com INT"]
[Date "2023.04.03"]
[Round "2.1"]
[White "Keymer, Vincent"]
[Black "Dreev, Aleksey"]
[Result "1-0"]
[WhiteTitle "GM"]
[BlackTitle "GM"]
[WhiteElo "2700"]
[BlackElo "2606"]
[WhiteFideId "12940690"]
[BlackFideId "4100107"]
[EventDate "2023.04.04"]
[EventType "k.o."]

1. c4 c6 2. Nf3 d5 3. e3 Nf6 4. Nc3 a6 5. d4 Bf5 6. Nh4 Be6 7. c5 g6 8. Bd3 Bg7
9. O-O b6 10. cxb6 Nfd7 11. b7 Ra7 12. f4 f5 13. Na4 O-O 14. Nf3 Kh8 15. Bd2
Rxb7 16. Rc1 Bg8 17. Ne5 Nxe5 18. fxe5 Bh6 19. b3 a5 20. Qe1 Ra7 21. Rf3 e6 22.
Rc5 g5 23. Rxa5 g4 24. Rxf5 exf5 25. Rxa7 Nd7 26. Bb4 Re8 27. Ba5 Qe7 28. Nc5
Be6 29. Bd2 Qf7 30. Qh4 Bg7 31. Bb4 h6 32. Qf2 Bf8 33. Nxe6 Bxb4 34. Qxf5 Qxf5
35. Bxf5 Nf8 36. Nf4 Bd2 37. Kf2 c5 38. Nxd5 cxd4 39. exd4 Rd8 40. Be4 Bg5 41.
Ke2 Ne6 42. Kd3 Nf4+ 43. Nxf4 Bxf4 44. e6 Bg5 45. Bg6 1-0

[Event "Chessable Masters Div 2 L"]
[Site "chess.com INT"]
[Date "2023.04.03"]
[Round "2.2"]
[White "Dreev, Aleksey"]
[Black "Keymer, Vincent"]
[Result "0-1"]
[WhiteTitle "GM"]
[BlackTitle "GM"]
[WhiteElo "2606"]
[BlackElo "2700"]
[WhiteFideId "4100107"]
[BlackFideId "12940690"]
[EventDate "2023.04.04"]
[EventType "k.o."]

1. d4 Nf6 2. Nf3 e6 3. Bg5 h6 4. Bh4 c5 5. e3 d5 6. Nbd2 Be7 7. c3 Qb6 8. Rb1
Bd7 9. Ne5 cxd4 10. exd4 Bb5 11. Bxb5+ Qxb5 12. Qb3 Qa6 13. a4 Nc6 14. Ndf3 Qb6
15. Qb5 Qc7 16. O-O O-O 17. Rbe1 a6 18. Qe2 Ne4 19. Bxe7 Qxe7 20. Nd3 Rac8 21.
Nd2 Nd6 22. f4 Rce8 23. Nc5 a5 24. Qh5 b6 25. Nd3 f5 26. Nf2 Ne4 27. Ndxe4 dxe4
28. Nd1 Qf7 29. Qe2 Ne7 30. Ne3 Nd5 31. Nc4 g5 32. fxg5 Qg7 33. gxh6 Qxh6 34.
Qd2 Qh5 35. Ne5 Re7 36. c4 Nf6 37. Qf4 Rg7 38. g3 Rh7 39. Rf2 Rg7 40. b3 Qh3 41.
d5 Nh5 42. Qh6 Rf6 43. Qd2 f4 0-1

[Event "Chessable Masters Div 2 L"]
[Site "chess.com INT"]
[Date "2023.04.03"]
[Round "2.1"]
[White "Erigaisi, Arjun"]
[Black "Yu, Yangyi"]
[Result "1-0"]
[WhiteTitle "GM"]
[BlackTitle "GM"]
[WhiteElo "2701"]
[BlackElo "2729"]
[WhiteFideId "35009192"]
[BlackFideId "8603820"]
[EventDate "2023.04.04"]
[EventType "k.o."]

1. d4 d5 2. Nc3 Nf6 3. Bf4 Bf5 4. e3 e6 5. Bd3 Bg6 6. h4 Bd6 7. h5 Bxd3 8. Qxd3
h6 9. O-O-O Nc6 10. Nf3 Qe7 11. Bxd6 Qxd6 12. Kb1 a6 13. e4 Nb4 14. Qe2 dxe4 15.
Ne5 O-O 16. a3 Nbd5 17. Nxe4 Nxe4 18. Qxe4 b5 19. Rd3 Rad8 20. Rhd1 c5 21. dxc5
Qxc5 22. Ng4 Kh8 23. Qd4 Rc8 24. c3 Qxd4 25. Rxd4 Kg8 26. Ne5 Rc7 27. g4 Rfc8
28. f4 Rc5 29. Ka1 Re8 30. Re1 Rcc8 31. g5 hxg5 32. fxg5 f6 33. Nf3 Rcd8 34. h6
gxh6 35. gxf6 Kf7 36. Rh4 Rh8 37. Rf1 Kxf6 38. Nd4+ Kg6 39. Rg4+ Kh5 40. Rg2 1-0

[Event "Chessable Masters Div 2 L"]
[Site "chess.com INT"]
[Date "2023.04.03"]
[Round "2.2"]
[White "Yu, Yangyi"]
[Black "Erigaisi, Arjun"]
[Result "1-0"]
[WhiteTitle "GM"]
[BlackTitle "GM"]
[WhiteElo "2729"]
[BlackElo "2701"]
[WhiteFideId "8603820"]
[BlackFideId "35009192"]
[EventDate "2023.04.04"]
[EventType "k.o."]

1. e4 c5 2. Nf3 d6 3. d4 cxd4 4. Nxd4 Nf6 5. Nc3 g6 6. Be3 Bg7 7. f3 O-O 8. Qd2
Nc6 9. g4 Be6 10. Nxe6 fxe6 11. Be2 d5 12. exd5 Nxd5 13. Nxd5 exd5 14. O-O-O e6
15. Kb1 Qc7 16. h4 Ne5 17. f4 Nc4 18. Bxc4 Qxc4 19. h5 Rac8 20. hxg6 hxg6 21.
Qh2 Kf7 22. f5 Rh8 23. fxe6+ Kxe6 24. Qd2 Rxh1 25. Rxh1 d4 26. Bg5 Rf8 27. Qe1+
Kf7 28. Qe4 Qc6 29. Rf1+ Kg8 30. Rxf8+ Kxf8 31. Qf4+ Kg8 32. Qb8+ Kf7 33. Bc1 a6
34. a3 Qe4 35. Qc7+ Kg8 36. Qd7 Qc6 37. Qxc6 bxc6 38. Ka2 Kf7 39. Kb3 Ke6 40.
Kc4 Ke5 41. b4 Ke4 42. a4 Kf3 43. g5 Ke2 44. Bf4 Kd1 45. Kd3 Bf8 46. Bd2 Be7 47.
a5 c5 48. b5 axb5 49. a6 c4+ 50. Kxd4 Bd8 51. Kc5 Kxd2 52. a7 Kxc2 53. a8=Q Bxg5
54. Qe4+ Kb3 55. Qb1+ Ka3 56. Qxb5 Ka2 57. Kxc4 1-0

[Event "Chessable Masters Div 2 L"]
[Site "chess.com INT"]
[Date "2023.04.03"]
[Round "2.3"]
[White "Erigaisi, Arjun"]
[Black "Yu, Yangyi"]
[Result "0-1"]
[WhiteTitle "GM"]
[BlackTitle "GM"]
[WhiteElo "2701"]
[BlackElo "2729"]
[WhiteFideId "35009192"]
[BlackFideId "8603820"]
[EventDate "2023.04.04"]
[EventType "k.o."]

1. d4 d5 2. c4 c6 3. Nf3 Nf6 4. cxd5 cxd5 5. Nc3 e6 6. Bf4 Bd6 7. Bg3 O-O 8. e3
Bxg3 9. hxg3 Nc6 10. Bd3 g6 11. Kf1 Qd6 12. Qd2 e5 13. dxe5 Nxe5 14. Be2 Bg4 15.
Rd1 Rad8 16. e4 h5 17. Qf4 Bxf3 18. gxf3 Qe6 19. Kg2 d4 20. Nb5 d3 21. Bf1 a6
22. Nc3 Rd4 23. Rh4 Rfd8 24. Qg5 Nh7 25. Qe3 Nf6 26. b3 b5 27. Kh1 b4 28. Nd5
R8xd5 29. exd5 Rxh4+ 30. gxh4 Nxd5 31. Qg5 Nxf3 32. Qg3 Ne5 33. Bxd3 Nc3 34. Rd2
Qd5+ 35. Qg2 Qd4 36. Qg3 Qd5+ 37. Qg2 Qd4 38. f3 Qxh4+ 39. Kg1 Qe1+ 40. Bf1 Qxd2
41. Qxd2 Nxf3+ 42. Kf2 Nxd2 43. Bxa6 Nxa2 0-1